Understanding health insurance a guide to billing and reimbursement

Guardat en:
Dades bibliogràfiques
Autor principal: GREEN, Michelle A
Format: Llibre
Idioma:anglès
Publicat: : Delmar Cengage Learning 2011
Etiquetes: Afegir etiqueta
Sense etiquetes, Sigues el primer a etiquetar aquest registre!

MARC

LEADER 00000nam a22000007a 4500
008 201217b ||||| |||| 00| 0 eng d
020 |a ISBN: 978-1-111-03518-1 
100 |a GREEN, Michelle A 
245 |a Understanding health insurance  |b a guide to billing and reimbursement  |c Michelle A. Green, JoAnn C. Rowell  |g xxx, 687p 
250 |b 10th ed.-  
260 |b : Delmar Cengage Learning  |c  2011  |h New York  |i 680588   |l HG9396 .G82  |m Health insurance claims – United States  |m Health insurance – United States 
500 |a “It includes appendix and index”. 
942 |a lcc  |c BK  |e Olagoke,M A  |f 17/12/2020 
952 |0 0  |1 0  |2 lcc  |4 0  |6 HG9396 G82  |7 0  |9 676  |a HOL  |b HOL  |c GJ  |d 2020-12-17  |l 0  |o HG9396 .G82  |p 2020-22993  |r 2020-12-17 00:00:00  |w 2020-12-17  |y BK 
999 |c 377  |d 377